000 03676cam a22006734i 4500
003 PE-LiUPU
005 20250731180120.0
008 150623s2001 sp a r b 000 0 spa d
020 _a8483220350
035 _a(Sirsi) i9788483220351
040 _aPE-LiUPU
_bspa
_cPE-LiUPU
_erda
049 _aPRUA
082 0 4 _a519.5
_bH16
_221
100 1 _aHair, Joseph F.,
_eautor.
245 1 0 _aAnálisis multivariante /
_cJoseph F. Hair.
250 _aQuinta edición.
264 1 _aMadrid, España :
_bPrentice-Hall,
_c2001.
300 _a799 páginas :
_bilustraciones diagrámas, tablas, cuadros ;
_c27 centímetros
336 _atext
_2rdacontent
337 _aunmediated
_2rdamedia
338 _avolume
_2rdacarrier
500 _a"Glosario" (A-V): p. [767]-788.
504 _aIncluye referencias bibliográficas.
505 0 _aIntroducción -- Análisis previo de los datos -- Análisis factorial -- Análisis de regresión múltiple -- Análisis discriminante múltiple y regresión logística -- Análisis multivariante de la varianza -- Análisis conjunto -- Análisis de correlación canónica -- Análisis cluster -- Análisis multidimensional -- Modelos de ecuaciones estructurales -- Nuevas técnicas del análisis multivariante.
526 _aSEG44
526 _aSEG26
526 _aP159
526 _aP155
526 _aP154
526 _aP153
526 _aP150
526 _aP100
526 _aP31
526 _aP30
526 _aP26
526 _aP25
526 _aP24
526 _aP22
526 _aP15
526 _aP10
541 _g015-0016191;
541 _g0021-0002811;
650 1 4 _aAnálisis multivariante.
942 _2ddc
_cBOOK
949 _a519.5 H16
_wDEWEY
_c1
_i52196
_lCCODEBUL1
_mBUL
_p18.00
_r0
_sY
_tBOOK
_u2015-6-24
_xFCE
_zUNKNOWN
_0COMPRA
_o.STAFF. Colección General
949 _a519.5 H16
_wDEWEY
_c2
_i69109
_d2016-11-28
_e2016-11-21
_lCCODEBUL1
_mBUL
_n2
_p59.00
_r0
_sY
_tBOOK
_u2015-6-24
_xINGENIERIA
_PP24
_0COMPRA
_o.STAFF. Colección General
949 _a519.5 H16
_wDEWEY
_c3
_i75056
_lCCODEBUL1
_mBUL
_p24.00
_r0
_sY
_tBOOK
_u2016-12-5
_xSALUD
_PP33
_0COMPRA
_o.STAFF. Colección Ciencias de la Salud
949 _a519.5 H16
_wDEWEY
_c4
_i75057
_lCCODEBUL1
_mBUL
_p24.00
_r0
_sY
_tBOOK
_u2016-12-5
_xSALUD
_PP33
_0COMPRA
_o.STAFF. Colección Ciencias de la Salud
949 _a529.25 H16
_wDEWEY
_c1
_i
_lCCODEBUJ1
_mBUJ
_p29.43
_r0
_sY
_tBOOK
_u2016-12-11
_xSALUD
_PP33
_0COMPRA
_o.STAFF -- Colección General Juliaca
994 _aC0
_bPEPRU
596 _a1 3
999 _a519.5 H16
_wDEWEY
_c34007
_i52196
_f2021-11-5
_g6
_lCCODEBUL1
_mBUL
_p18.00
_r0
_sN
_tBOOK
_u2015-6-24
_xBIBLIOTECA
_zUNKNOWN
_0COMPRA
_o.STAFF. Colección General
_d34007
999 _a519.5 H16
_wDEWEY
_c2
_i69109
_d2018-2-27
_e2018-1-23
_f2021-11-5
_g7
_lCCODEBUL1
_mBUL
_n4
_p59.00
_q1
_r0
_sN
_tBOOK
_u2015-6-24
_xBIBLIOTECA
_PP24
_0COMPRA
_o.STAFF. Colección Ingeniería y Arquitectura
999 _a519.5 H16
_wDEWEY
_c3
_i75056
_d2019-6-26
_f2021-11-5
_g5
_lCCODEBUL1
_mBUL
_p24.00
_q3
_r0
_sY
_tBOOK
_u2016-12-5
_xBIBLIOTECA
_PP33
_0COMPRA
_o.STAFF. Colección Ciencias de la Salud
999 _a519.5 H16
_wDEWEY
_c4
_i75057
_d2020-12-15
_e2020-3-12
_f2021-12-28
_g5
_lCCODEBUL1
_mBUL
_n5
_p24.00
_q1
_r0
_sY
_tBOOK
_u2016-12-5
_xSALUD
_PP33
_0COMPRA
_o.STAFF. Colección Ciencias de la Salud
999 _a529.25 H16
_wDEWEY
_c1
_iFJ05860
_d2017-11-3
_f2022-1-19
_g4
_lCCODEBUJ1
_mBUJ
_p29.43
_q2
_r0
_sY
_tBOOK
_u2017-1-24
_xBIBLIOTECA
_zUNKNOWN
_0COMPRA
_o.STAFF. Colección General Juliaca
980 _81
_gALBERTO SANCHEZ Responsable de Automatización